000 00430cam a2200181ua 4500
020 _c1.50
041 _amal
_h
082 _a928.917
_bBHA/TO
100 _aBhaskara Pillai, K .
245 _aTolstoy /
_cK Bhaskarapillai.
_hTextual Documents
250 _a3 /
_b.
260 _aThiruvananthapuram :
_bN Kamalamma ,
_c1967.
300 _a128 ; .
365 _a1.50
504 _a
942 _cBK
999 _c6169
_d6169